From Wagner to Murnau : the transposition of romanticism from stage to screen /

Bibliographic Details
Main Author: Collier, Jo Leslie, 1950-
Format: Book
Language:English
Published: Ann Arbor, Mich. : UMI Research Press, [1988]
Series:Studies in cinema ; no. 45.
Subjects:

MARC

Tag First Indicator Second Indicator Subfields
LEADER 00000cam a2200000 a 4500
001 in00000763545
005 20151016171209.0
008 870922s1988 miu b 00110 eng
010 |a  87028944  
020 |a 0835718433 (alk. paper) 
035 |a (OCoLC)16831344 
035 |9 ADJ8689AM 
040 |a DLC  |c DLC  |d TXA  |d UtOrBLW 
043 |a e-gx--- 
049 |a TXAM  |c [A11166581] 
050 0 0 |a PN1998.3.M87  |b C6 1988 
082 0 |a 791.43/0233/0924  |2 19 
100 1 |a Collier, Jo Leslie,  |d 1950- 
245 1 0 |a From Wagner to Murnau :  |b the transposition of romanticism from stage to screen /  |c by Jo Leslie Collier. 
264 1 |a Ann Arbor, Mich. :  |b UMI Research Press,  |c [1988] 
264 4 |c ©1988 
300 |a 174 pages ;  |c 24 cm. 
336 |a text  |b txt  |2 rdacontent 
337 |a unmediated  |b n  |2 rdamedia 
338 |a volume  |b nc  |2 rdacarrier 
490 1 |a Studies in cinema ;  |v no. 45 
504 |a Bibliography: pages [165]-168. 
500 |a Includes index. 
600 1 0 |a Murnau, F. W.  |q (Friedrich Wilhelm),  |d 1888-1931  |x Criticism and interpretation. 
650 0 |a Motion pictures and theater  |z Germany. 
650 0 |a Romanticism  |z Germany. 
650 0 |a Theater  |z Germany  |x History  |y 19th century. 
650 0 |a Theater  |z Germany  |x History  |y 20th century. 
650 0 |a Theatrical producers and directors  |z Germany  |v Biography. 
830 0 |a Studies in cinema ;  |v no. 45. 
999 |a MARS 
999 f f |s 5fa039c2-4ad8-3373-99e9-7020aa8230da  |i 0ff84e03-2521-348f-a053-26d0de90f34a  |t 0 
952 f f |p ric  |a Texas A&M University  |b Rellis Campus  |c Joint Library Facility  |d Remote Storage  |t 0  |e PN1998.3.M87 C6 1988  |h Library of Congress classification  |i unmediated -- volume  |m A14811166581 
998 f f |a PN1998.3.M87 C6 1988  |t 0  |l Remote Storage